| 000 | 00432nam a22001697a 4500 | ||
|---|---|---|---|
| 003 | NUST - PNEC | ||
| 005 | 20170116181010.0 | ||
| 008 | 150913b xxu||||| |||| 00| 0 eng d | ||
| 020 | _a0553345664 | ||
| 040 | _cLIBRARY | ||
| 082 | _a005.4469 HYM | ||
| 100 |
_910104 _a Hyman, Michael I |
||
| 245 |
_aRunning OS/2 _bHyman, Michael I |
||
| 260 | _cc.1965 | ||
| 650 |
_910103 _aManagement information system _xMIS |
||
| 942 |
_2ddc _cBK |
||
| 999 |
_c67047 _d67047 |
||